Statistics for F1 Winners: Japanese Grand Prix

Click here to take the quiz!

General Stats

  • This quiz has been taken 625 times
    (69 since last reset)
  • The average score is 34 of 38

Answer Stats

SeasonTrackDriver% Correct
2018SuzukaLewis Hamilton
100%
2017SuzukaLewis Hamilton
100%
2015SuzukaLewis Hamilton
100%
2014SuzukaLewis Hamilton
100%
2007FujiLewis Hamilton
100%
2024SuzukaMax Verstappen
100%
2023SuzukaMax Verstappen
100%
2022SuzukaMax Verstappen
100%
2000SuzukaMichael Schumacher
100%
2002SuzukaMichael Schumacher
100%
2001SuzukaMichael Schumacher
100%
2004SuzukaMIchael Schumacher
100%
1997SuzukaMichael Schumacher
100%
1995SuzukaMichael Schumacher
100%
2009SuzukaSebastian Vettel
100%
2013SuzukaSebastian Vettel
100%
2012SuzukaSebastian Vettel
100%
2010SuzukaSebastian Vettel
100%
2016SuzukaNico Rosberg
98%
2006SuzukaFernando Alonso
97%
2008FujiFernando Alonso
97%
1993SuzukaAyrton Senna
95%
1988SuzukaAyrton Senna
95%
2019SuzukaValtteri Bottas
93%
2011SuzukaJenson Button
91%
1999SuzukaMika Häkkinen
90%
1998SuzukaMika Häkkinen
90%
2005SuzukaKimi Räikkönen
86%
1994SuzukaDamon Hill
84%
1996SuzukaDamon Hill
84%
2003SuzukaRubens Barrichello
72%
1977FujiJames Hunt
69%
1990SuzukaNelson Piquet
69%
1991SuzukaGerhard Berger
59%
1987SuzukaGerhard Berger
59%
1992SuzukaRiccardo Patrese
53%
1976FujiMario Andretti
48%
1989SuzukaAlessandro Nannini
33%

Score Distribution

Percentile by Number Answered

Percent of People with Each Score

Your Score History

You have not taken this quiz since the last reset